| 000 | 01051nam a22002777a 4500 | ||
|---|---|---|---|
| 003 | CHAP | ||
| 005 | 20220329135526.0 | ||
| 008 | 971013s1986 r 00010 d | ||
| 010 | _a38064 | ||
| 011 | _a39036 | ||
| 035 | _a43156 | ||
| 040 | _cCHAP | ||
| 100 | 0 | 0 |
_aQuiñones Pedroza, Héctor Emiliano. _993465 |
| 245 |
_aL'assainissement dans les hautes callees alluviales de la Margeride _b: analyse dee fonctionnement des nappes d'accompagnement |
||
| 260 |
_a(s.l.) : _bLe auteur, _c1986 |
||
| 300 | _a(s.p.) | ||
| 500 | _aThese (D.E.A. National d' Hidrologie Filiere d' Hydraulique agricole) -- Universite des Sciences et Techiniques du Languedoc. Ecole National du Genie Rural des Eaux des Forests | ||
| 590 |
_aBATCH-UPD _b10 _c20130110 _lUCH01 _h2228 |
||
| 590 |
_aBATCH-UPD _b10 _c20130410 _lUCH01 _h1524 |
||
| 590 |
_aBATCH-UPD _b10 _c20130914 _lUCH01 _h1223 |
||
| 590 |
_aCONVERSION _b10 _c20130109 _lUCH01 _h1321 |
||
| 650 | 1 | 4 |
_aDrenaje _xFrancia. _934200 |
| 901 | _aBK | ||
| 942 | _cTESIS | ||
| 949 |
_bBC _cTES _d-99086 _eTS1 _h20657 _i43156 _si |
||
| 999 |
_c38064 _d38064 |
||